<Die> Technologiepolitik der DGB-Gewerkschaften <Eine> Diskussion organisationslogischer und ökonomischer Restriktionen. Inaugural-Dissertation zur Erlangung des Doktorgrades des Fachbereichs Wirtschaftswissenschaften der Johann Wolfgang Goethe-Universität Frankfurt am Main

Gespeichert in:
Bibliographische Detailangaben
1. Verfasser: Gielow, Gisela
Format: Buch
Sprache:Deutsch
Veröffentlicht: Frankfurt am Main Johann Wolfgang Goethe-Universität 1992
Ausgabe:1. Aufl.
Schlagworte:
Tags: Tag hinzufügen
Keine Tags, Fügen Sie das erste Tag hinzu!

MARC

LEADER 00000nam a2200000 4500
001 c003059
005 20221221080728.6
041 0 |a ger 
044 |a DE 
245 1 0 |a <Die> Technologiepolitik der DGB-Gewerkschaften  |b <Eine> Diskussion organisationslogischer und ökonomischer Restriktionen. Inaugural-Dissertation zur Erlangung des Doktorgrades des Fachbereichs Wirtschaftswissenschaften der Johann Wolfgang Goethe-Universität Frankfurt am Main  |c Gisela Gielow 
250 |a 1. Aufl. 
264 1 |a Frankfurt am Main  |b Johann Wolfgang Goethe-Universität  |c 1992 
300 |a 268 s. 
610 2 0 |a odbory 
610 2 0 |a politika technická 
610 2 0 |a Nemecko 
610 2 0 |a technológia 
610 2 0 |a výskum 
610 2 0 |a inovácia 
610 2 0 |a podnik 
610 2 0 |a rozvoj vedeckotechnický 
100 1 |a Gielow, Gisela